000 00504nam a2200181Ia 4500
999 _c13994
_d13994
003 OSt
005 20201102122014.0
008 190216s9999||||xx |||||||||||||| ||und||
020 _a10987654321
040 _coclc
082 _a823
_bNAM/S
100 _aNambisan, Kavery
_96198
245 4 _aThe Scent Of Pepper /
_cKavery Nambisan
260 _bPenguin Books,
_c1996.
_aNew zealand :
300 _a276p
650 _aEnglish Fiction
942 _cBK
_2ddc
_h823
_iNAM/S
_k823
_mNAM/S